Statistics for Drake Songs by Line

Click here to take the quiz!

General Stats

  • This quiz has been taken 866 times
  • The average score is 6 of 11

Answer Stats

Hint Answer % Correct
Faded way too long, I'm floating in and out of consciousnessHeadlines
68%
You left your mark on me, I want your high love and emotion, endlesslyHold on we're goin ghome
68%
I think I'm addicted to naked pictures And sittin talkin' 'bout b****** that we almost hadMarvins Room
66%
We all have our nights though, don't be so ashamedTake care
64%
Getting paid well holla when ever that stop, My team good, we dont really need a mascotThe Motto
63%
And my uncle calling me like "Where ya at? I gave you the keys told ya bring it right back"Started from the Bottom
63%
Ha and you all ain't even have to ask twice, You can have my heart or we can share it like the last sliceBest I Ever Had
51%
One thing about music, when it hits you feel no pain, And I swear I got the shit that makes these b****** go insaneOver
50%
Ask you to please excuse my table manners, I was making room for the table dancersAll Me
37%
Heard once that in dire times when you need a sign, that's when they appearToo Much
16%
To a condo downtown 'cause it's all about location, I sit and drink wine and watch Californication of lifeSay Something
13%

Score Distribution

Percentile by Number Answered

Percent of People with Each Score

Your Score History

You have not taken this quiz